000 00299nam a2200121Ia 4500
008 190216s9999||||xx |||||||||||||| ||und||
100 _aArnold Bennett
245 4 _aThe Grand Babylon Hotel
260 _b"Amrutha Publications, Kunnamkulam"
_c1995
300 _a192p
650 _aNovel
942 _cBK
999 _c13848
_d13848